000
00336nam a2200145Ia 4500
005
20251222151343.0
008
251222s9999||||xx |||||||||||||| ||spa||
020
_a
194229408
082
_a
822.914/V64
100
_a
Vikary, Tim
245
4
_a
The Elephant Man
250
_a
1ra.ed.
264
_b
Oxford University Press
942
_c
LIB
999
_c
24539
_d
24539